Bob Marley Songs By Their Synonym - Statistics

General Stats
  • This quiz has been taken 57 times
  • The average score is 5 of 10
Answer Stats
Hint Answer % Correct
Triple Small Fowls Three Little Birds
83%
Vibing Jamming
81%
Single affection One love
79%
Cattle Fighter Buffalo Soldier
67%
Blood, earth, roots music Roots, rock, reggae
48%
Rodent Competition Rat race
46%
Amends Anthem Redemption Song
42%
Hustler's heaven Pimper's Paradise
31%
Common Otherworldy Natural Mystic
27%
Anticipative in big-headed Waiting in Vain
17%
No matching quizzes found
Score Distribution
Percent of People with Each Score
Percentile by Number Answered
Your Score History
You have not taken this quiz